000 00176nam a2200085 4500
001 1258883
005 20260401135530.0
245 _aMATEMATİK
_cHİRA DOĞRUL
260 _bTÜBİTAK
999 _c1258883
_d1258883